000 00790nam a2200193 a 4500
001 001148065
003 AM-YeHGA
005 20250617152257.0
008 160512s1983 ru r 000 0 rus d
040 _aAM-YeHGA
041 0 _arus
245 0 0 _aМузей 4 :
_bХудожественные собрания СССР /
_cРедкол.: И.А. Антонова и др.; Сост. Л.М. Срибнис.
260 _aМосква :
_bСоветский художник,
_c1983.
300 _a260 с. :
_bил.
653 0 _aМузейное дело - Практика музейной работы
700 1 _aСрибнис, Лидия Миколасовна
_eсост.
_4com
700 1 _aАнтонова, Ирина Александровна
_eред.
_4edt
090 _c369746
999 _c367876
_d367876